NFL 2023: Receiving Leaders - Statistics

General Stats
  • This quiz has been taken 125 times
  • The average score is 14 of 15
Answer Stats
Number Player name Receiving Yards Team % Correct
10 Tyreek Hill 1799 Miami Dolphins
99%
17 Puka Nacua 1486 Los Angeles Rams
98%
14 Amon Ra St. Brown 1515 Detroit Lions
97%
88 Ceedee Lamb 1749 Dallas Cowboys
97%
11 AJ Brown 1456 Philadelphia Eagles
96%
1 Ja'Marr Chase 1216 Cincinnati Bengals
95%
13 Mike Evans 1255 Tampa Bay Buccaneers
94%
11 Brandon Aiyuk 1342 San Francisco 49ers
93%
2 DJ Moore 1364 Chicago Bears
93%
14 Stefon Diggs 1183 Buffalo Bills
93%
17 Davante Adams 1144 Las Vegas Raiders
92%
2 Amari Cooper 1250 Cleveland Browns
90%
13 Keenan Allen 1243 Los Angeles Chargers
90%
11 Michael Pittman 1152 Indianapolis Colts
87%
12 Nico Collins 1297 Houston Texans
85%
No matching quizzes found
Score Distribution
Percent of People with Each Score
Percentile by Number Answered
Your Score History
You have not taken this quiz